000 00742nam a22002291i 4500
001 183197
003 ES-MaACL
005 20250803114118.0
008 140129s1984 sp |||| | spa d
020 _a84-02-07420-0
080 _a821.111(73)-31"19"
100 1 _aBurroughs, William S.,
_d1914-1997
_9241541
245 1 0 _aYonqui /
_cWilliam Burroughs ; [traducción del inglés Martín Lendínez].
250 _a3ª ed.
260 _aMadrid :
_bBruguera,
_c1984.
300 _a191 p. ;
_c18 cm.
490 1 _aBruguera Libro Amigo ;
_v756
700 1 _aLendínez, Martín.
_971511
830 0 _aBruguera Libro Amigo ;
_v756
_9185730
852 _aES-MaACL
_jL-30009
_z.- Donat. Miguel A. Velasco
999 _c183197
_d183197